Statistics for Quiz 400

Click here to take the quiz!

General Stats

  • This quiz has been taken 28 times
  • The average score is 7 of 16

Answer Stats

Hint Answer % Correct
Sun
88%
Square root of 40020
75%
This country has a population closest to 400 million.United States
75%
These two astronomical bodies are approximately 400 times different in size and in distance from earth, making eclipses posibleMoon
75%
Roman numeral for 400CD
63%
This magazine's 400 list has been described as "the definitive list of wealth in America".Forbes
63%
This Oklahoma city has a city proper population closest to 400 thousand in 2006Tulsa
63%
The year 400 started on this day of the week in the Julian calendar.Sunday
50%
400 in French, Spanish, or Italian, your choice of language.quatre cents / cuatrocientos / quattrocento
38%
WalterJohnson
19%
In the year 400, a riot breaks out in this city and the Great Palace is burned to the ground.Constantinople
19%
In the bible, a pledge was made to this patriarch about the 400 year period between the birth of Isaac and the children of Israel leaving Egyptian bondageAbraham
19%
These two pitchers are the only ones with more than 400 career wins in MLB historyCy Young
13%
Last MLB player to have a batting average over .400Ted Williams
6%
In 1979, this company introduced its 400 model, with 4 KB RAM of memory.Atari
6%
HTTP code 400 meaningBad Request
6%

Score Distribution

Percentile by Number Answered

Percent of People with Each Score

Your Score History

You have not taken this quiz